Śrī Viṣṇusahasranāmastotram. (Record no. 78354)

MARC details
000 -LEADER
fixed length control field 00822cam a22002531 4500
001 - CONTROL NUMBER
control field sa 68001969
003 - CONTROL NUMBER IDENTIFIER
control field DLC
005 - DATE AND TIME OF LATEST TRANSACTION
control field 20260227112438.0
008 - FIXED-LENGTH DATA ELEMENTS--GENERAL INFORMATION
fixed length control field 900711s1965 ii 000 0 sano
010 ## - LIBRARY OF CONGRESS CONTROL NUMBER
LC control number sa 68001969
035 ## - SYSTEM CONTROL NUMBER
System control number (OCoLC)21989353
040 ## - CATALOGING SOURCE
Original cataloging agency DLC
Transcribing agency WaU
Modifying agency DLC
041 0# - LANGUAGE CODE
Language code of text/sound track or separate title saneng
042 ## - AUTHENTICATION CODE
Authentication code premarc
050 00 - LIBRARY OF CONGRESS CALL NUMBER
Classification number BL1130.A353
Item number V5
130 0# - MAIN ENTRY--UNIFORM TITLE
Uniform title Viṣṇusahasranāma.
245 10 - TITLE STATEMENT
Title Śrī Viṣṇusahasranāmastotram.
Remainder of title Sri Vishnu sahasranama stotram, with namavali.
Statement of responsibility, etc. Introd., English rendering and index by Swami Vimalananda.
260 ## - PUBLICATION, DISTRIBUTION, ETC.
Place of publication, distribution, etc. Tirupparaitturai,
Name of publisher, distributor, etc. Tapovanam Pub. House
Date of publication, distribution, etc. [1965]
300 ## - PHYSICAL DESCRIPTION
Extent 200 p.
Dimensions 19 cm.
500 ## - GENERAL NOTE
General note English and Sanskrit; introd. in English.
650 #0 - SUBJECT ADDED ENTRY--TOPICAL TERM
Topical term or geographic name entry element Vishnu (Hindu deity)
700 0# - ADDED ENTRY--PERSONAL NAME
Personal name Vimalananda,
Titles and other words associated with a name Swami.
740 0# - ADDED ENTRY--UNCONTROLLED RELATED/ANALYTICAL TITLE
Uncontrolled related/analytical title Sri Vishnu sahasranama stotram.

No items available.

Powered by Koha